Представление документа в формате RUSMARC

ПолеНазваниеЗначение
  Тип записи a
  Библиографический уровень m
001 Контрольный номер RU/УОНБ/EK/485111455
005 Дата корректировки 20241101134342.2
010 Индекс ISBN __
d Цена 9 р.
b Уточнения в пер.
100 Данные общей обработки __
a Данные общей обработки 20150516d1955 m y0rusy0189||||ca
101 Язык документа 0_
a Язык текста rus
102 Страна публикации __
a Страна публикации RU
105 Кодированные данные (монография) __
a Кодированные данные (монография) y z 001ay
200 Заглавие и сведения об ответственности 1_
a Заглавие Статьи, заметки, рецензии, автобиографии, избранные письма
f Первые сведения об ответственности [подгот. текста и примеч. А.П. Рыбасова]
210 Выходные данные __
d Дата издания 1955
215 Физическое описание __
a Объем 576 с.
300 Общие примечания __
a Общие примечания 150000 экз.
320 Библиография __
a Библиография Алф. указ. произведений, помещ. в 1-8 тт.: с. 572
461 Уровень набора _0
1 001RU/УОНБ/EK/485108377
1 2001
a Собрание сочинений
e в 8 т.
f И.А. Гончаров
g [подгот. текста и примеч. А.П. Рыбасова
g вступ. ст. С. Петрова]
v Т. 8
1 2101
a М.
c Гослитиздат
d 1952
606 Тематические рубрики 0_
a Основная рубрика Проза (х. л.)
610 Ключевые слова 0_
a Ключевые слова статьи русские
610 Ключевые слова 0_
a Ключевые слова заметки русские
610 Ключевые слова 0_
a Ключевые слова избранные письма русские
686 Индексы других классификаций __
a Классификационный индекс 84Р1
2 Код системы rubbk
702 Вторичная интеллектуальная ответственность __
a Фамилия Рыбасов
b Имя (инициалы) А.П.
4 Код отношения 340
801 Источник записи _0
a Страна RU
b Организация Ульяновская ОНБ
c Дата составления 20150516
g Правила каталогизации RCR
801 Источник записи _1
a Страна RU
b Организация Ульяновская ОНБ
c Дата составления 20150516
g Правила каталогизации RCR
901 Тип документа __
t Тип документа n
w Контрольный № источника RU/УОНБ/EK/485108377
909 Создатель записи __
a Создатель записи Богданова
938 Служебная информация __
a Имя БД retro
b Имя библиотеки УОНБ
c Имя АИБС МАРК-SQL
d Номер DOC_ID в БД 142149